000 01063nam a22002657a 4500
005 20240530110604.0
008 161026s2014 ua a g 000 0dara d
017 _a2014/14357
_bمصر. دار الكتب
020 _a9772329793
040 _aEG-CaGPL
_cEG-CaGPL
082 0 4 _221
_a370.15\
_bا ع
100 0 _aالسيد عبدالحميد سليمان
245 1 0 _aعلاج صعوبة الاحساس بالكمية /
_cتاليف السيد عبدالحميد سليمان
250 _aط.1
260 _aالقاهرة :
_bعالم الكتب ،
_c2015 .
300 _a182 ص. :
_bاشكال ؛
_c24 سم .
490 0 _aبرنامج تدريبى لعلاج الصعوبات النمائية فى الحساب
650 0 7 _2qrmak
_aعلم النفس التربوى
650 0 7 _2qrmak
_aالتعليم
_xاغراضة و اهدافة
650 0 7 _2qrmak
_aالتعليم
_xالجوانب النفسية
650 0 7 _2qrmak
_aالتعليم
_xالطرق التجريبية
651 _2qrmak
942 _2ddc
_cBK
999 _c62713
_d62713